书目信息 |
| 题名: |
古城建筑标志
|
|
| 作者: | 胡元斌 主编 | |
| 分册: | ||
| 出版信息: | 汕头 汕头大学出版社 2017 |
|
| 页数: | 122页 | |
| 开本: | 23cm | |
| 丛书名: | ||
| 单 册: | ||
| 中图分类: | K928.71 | |
| 科图分类: | ||
| 主题词: | 古建筑--Gu Jian Zhu--介绍--中国 | |
| 电子资源: | ||
| ISBN: | 978-7-5658-2895-9 | |
| 000 | 00751nam0 2200229 450 | |
| 001 | 2349704296 | |
| 005 | 20231109171339.58 | |
| 010 | @a978-7-5658-2895-9@dCNY32.00 | |
| 100 | @a20170907d2017 em y0chiy50 ea | |
| 101 | 0 | @achi |
| 102 | @aCN@b440000 | |
| 105 | @aa z 000yy | |
| 200 | 1 | @a古城建筑标志@Agu cheng jian zhu biao zhi@f胡元斌主编 |
| 210 | @a汕头@c汕头大学出版社@d2017 | |
| 215 | @a122页@c彩图@d23cm | |
| 300 | @a中华复兴之光 神奇建筑之美 | |
| 330 | @a本书依次介绍了德胜门城楼、永定门城楼、古都城楼、西安钟鼓楼、南京钟鼓楼、明清城墙等古代建筑的历史与故事。 | |
| 606 | 0 | @a古建筑@AGu Jian Zhu@x介绍@y中国 |
| 690 | @aK928.71@v5 | |
| 701 | 0 | @a胡元斌@Ahu yuan bin@4主编 |
| 801 | 0 | @aCN@b山东中教@c20230926 |
| 905 | @aBZT@dK928.71@e15 | |
| 古城建筑标志/胡元斌主编.-汕头:汕头大学出版社,2017 |
| 122页:彩图;23cm |
| 中华复兴之光 神奇建筑之美 |
| ISBN 978-7-5658-2895-9:CNY32.00 |
| 本书依次介绍了德胜门城楼、永定门城楼、古都城楼、西安钟鼓楼、南京钟鼓楼、明清城墙等古代建筑的历史与故事。 |
| ● |
| 相关链接 |
|
|
|
正题名:古城建筑标志
索取号:K928.71/15
 
预约/预借
| 序号 | 登录号 | 条形码 | 馆藏地/架位号 | 状态 | 备注 |
| 1 | 2000962943 | 2000962943 | 第四书库/四30架A面1层6列/ [索取号:K928.71/15] | 在馆 | |
| 2 | 2000962944 | 2000962944 | 第四书库/四30架A面1层6列/ [索取号:K928.71/15] | 在馆 | |
| 3 | 2000962945 | 2000962945 | 第四书库/四30架A面1层6列/ [索取号:K928.71/15] | 在馆 | |
| 4 | 2000962946 | 2000962946 | 第四书库/四30架A面1层6列/ [索取号:K928.71/15] | 在馆 | |
| 5 | 2000962947 | 2000962947 | 第四书库/四30架A面1层6列/ [索取号:K928.71/15] | 在馆 | |
| 6 | 2000962948 | 2000962948 | 第四书库/四30架A面1层6列/ [索取号:K928.71/15] | 在馆 |